|
|
|
|
| LEADER |
00730cam a2200229 7i4500 |
| 001 |
0000028170 |
| 005 |
20120829090000.0 |
| 020 |
0 |
0 |
|a 9789211128406
|
| 090 |
0 |
0 |
|a I 605.5
|b UNI
|
| 110 |
2 |
0 |
|a United Nations
|
| 245 |
2 |
0 |
|a Technology and innovation report 2011.
|
| 260 |
0 |
0 |
|a New York:
|b United Nations,
|c 2011.
|
| 300 |
# |
# |
|a 151 p.
|
| 650 |
0 |
0 |
|a Renewable Energy Technologies (RET)
|
| 650 |
0 |
0 |
|a Hydropower technologies
|
| 650 |
0 |
0 |
|a Biomass technologies
|
| 650 |
0 |
0 |
|a Wind energy technologies
|
| 650 |
0 |
0 |
|a Solar energy technologies
|
| 650 |
0 |
0 |
|a Geothermal energy technologies
|
| 650 |
0 |
0 |
|a Ocean energy technologies
|
| 650 |
0 |
0 |
|a Energy storage technologies
|
| 999 |
|
|
|a 0000030656
|b Book
|c International
|e Business Information Centre
|